Mot de passe Foot ! #1 - Statistiques

Statistiques générales
  • Ce quiz a été pris 388 fois
  • Le résultat moyen est 9 sur 12
Statistiques - réponses
Indice Indice Indice Joueur % Correct
Chielinni Liverpool Morsure Luis Suarez
96%
Jeff Tuche Bayern Second poteau… Benjamin Pavard
94%
Atlético France Football Manager Antoine Griezmann
93%
La Pioche Man United France Paul Pogba
93%
Materazzi Panenka Real Zinedine Zidane
93%
Génie Brésil Ac Milan Ronaldinho
80%
Santos Dieu Attaquant Pelé
79%
Imbécile Mbappé Argentine Emiliano Martinez
76%
Au Revoir ! Bayern Allemagne Thomas Muller
76%
Lent Coup du scorpion Thierry Henry Olivier Giroud
69%
Coupe du Monde Allemagne Lazio Miroslav Klose
51%
Allemagne Assassin 1982 Harald Schumacher
38%
Aucun quiz correspondant
Distribution des résultats
% des personnes avec chaque résultat
Percentile par nombre de réponses
Votre historique - résultats
Vous n’avez pas pris ce quiz